Statistics for FIFA 2005 Soundtrack

Click here to take the quiz!

General Stats

  • This quiz has been taken 4 times
  • The average score is 3 of 37

Answer Stats

ArtistSong% Correct
New OrderB{lue} {Monday}
100%
Paul OakenfoldB{eautiful} {Goal} (EA Sports Football Theme)
67%
NachladerA{n} {Die} {Wand}
33%
Oomph!A{ugen} {Auf!}
33%
Miss JF{ollow} {Me}
33%
SeeedR{elease}
33%
Soul'd Out1{,000,000} {Monsters} {Attack}
0%
Zion y LennoxA{hora}
0%
Clorofila of Nortec CollectiveA{lmada}
0%
JoséA N{ecessidade}
0%
Head AutomaticaB{rooklyn} {Is} {Burning}
0%
Sandro BitC{iao} {Sono} {Io}
0%
BrothersD{ieci} {Cento} {Mille}
0%
Los Amigos Invisibles (Reggaeton Remix)E{sto} {Es} {Lo} {Que} {Hay}
0%
Inverga + Num KebraE{u} {Perdi} {Você}
0%
The StreetsF{it} {But} {You} {Know} {It}
0%
Wayne MarshallH{ot} {In} {The} {Club}
0%
MorrisseyI{rish} {Blood} {English} {Heart}
0%
Mala RodríguezJ{ugadoras} {Jugadores}
0%
The Soundtrack of Our LivesK{armageddon}
0%
MañanaM{iss} {Evening}
0%
FaithlessN{o} {Roots}
0%
Debi Nova (Do Yard Riddim Mix)O{ne} {Rhythm}
0%
Marcelo D2P{rofissão} {MC}
0%
Ferry CorstenR{ock} {Your} {Body} {Rock}
0%
The SoundsS{even} {Days} {A} {Week}
0%
Future Funk SquadS{orcerary}
0%
Ivete SangaloS{órte} {Grande}
0%
AirS{urfing} {On} {A} {Rocket}
0%
Scissor SistersT{ake} {Your} {Mama}
0%
Franz FerdinandT{ell} {Her} {Tonight}
0%
Sneak Attack TigersT{he} {End} {Of} {All} {Good}
0%
Flogging MollyT{o} {Youth} ({My} {Sweet} {Roisin} {Dubh})
0%
GusanitoV{ive} {La} {Vida}
0%
Emma WarrenW{ants} {U} {Back}
0%
INXS (Coldcut Force Mix 13 Edit)W{hat} {You} {Need}
0%
Sarah McLachlan (Junkie XL Remix)W{orld} {On} {Fire}
0%

Score Distribution

Percentile by Number Answered

Percent of People with Each Score

Your Score History

You have not taken this quiz